Normal view MARC view
  • Mohammed Reza Pahlavi,

Entry Personal Name

Number of records used in: 1

001 - CONTROL NUMBER

  • control field: 8012

003 - CONTROL NUMBER IDENTIFIER

  • control field: OSt

005 - DATE AND TIME OF LATEST TRANSACTION

  • control field: 20170525105813.0

008 - FIXED-LENGTH DATA ELEMENTS

  • fixed length control field: 170525|| aca||aabn | a|a d

040 ## - CATALOGING SOURCE

  • Original cataloging agency: OSt
  • Transcribing agency: OSt

100 ## - HEADING--PERSONAL NAME

  • Personal name: Mohammed Reza Pahlavi,
  • Titles and other words associated with a name: Shah of Iran
  • Chronological subdivision: 1919-1980

670 ## - SOURCE DATA FOUND

  • Source citation: Work cat.: (OSt)0: Shawcross, William 8011, The Shah's last ride :, 1989
Pusat Sumber Maklumat Dato' Haji Sarmin Md Hussin, Akademi Kastam Diraja Malaysia, Melaka
Tel: 06-2331106 | Faks: 06-2313787